000 00550 a2200181 4500
999 _c9343
_d9343
020 _a0702114294
050 _aKTL3573 DIV 1983
100 _aDivari, Costa
_eauthor
245 _a1983-84 Supplement to Silke on South African income tax /
_cCosta Divaris & Stein, Michael L.
250 _a10th ed.
264 _aCape Town :
_bJuta & Co.
_c1983.
300 _a532p. :
500 _aIncludes index
650 _aIncome tax---South Africa
651 _aSouth Africa
700 _aStein, Michael L.
_eauthor
942 _2lcc
_cBK
_e10th ed.
_h3573
_iDIV
_kKTL